[Event "Uljanovsk Povolje op"]
[Site "Uljanovsk"]
[Date "2015.09.13"]
[Round "3"]
[White "Schankin, Sergei"]
[Black "Suimanov, Vladimir"]
[Result "1-0"]
[WhiteElo "1791"]
[BlackElo "1441"]
[PlyCount "175"]
[EventDate "2015.09.12"]
[EventType "swiss"]
[EventRounds "9"]
[EventCountry "RUS"]
[SourceTitle "EXT 2016"]
[Source "ChessBase"]
[SourceDate "2015.10.08"]
[SourceVersion "1"]
[SourceVersionDate "2015.10.08"]
[SourceQuality "1"]

1. e4 e6 2. d4 c5 3. Nf3 cxd4 4. Nxd4 e5 5. Nf3 d6 6. Bc4 h6 7. 0-0 Be7 8. Nc3 Nf6 9. h3 0-0 10. Be3 Nc6 11. a3 a6 12. b4 b5 13. Bd5 Bb7 14. Qd3 Qc7 15. Rfd1 Rac8 16. Rac1 Ba8 17. Ne2 Nxd5 18. exd5 Nd8 19. Nxe5 Bf6 20. Nc6 Nxc6 21. dxc6 Qxc6 22. f3 Rfd8 23. Bd4 Be7 24. c3 Bg5 25. Rc2 Rd7 26. Ng3 Qc7 27. Nh5 f6 28. f4 Bh4 29. g3 Qc6 30. Kh2 Qf3 31. Qxf3 Bxf3 32. Re1 Bxh5 33. gxh4 Bf7 34. Rg2 Bd5 35. Rg3 Kf8 36. Rge3 Bf7 37. a4 bxa4 38. Ra1 Bb3 39. Kg3 Kf7 40. f5 h5 41. Kf4 Re8 42. Rg3 d5 43. Rag1 Rg8 44. Rg6 Rd6 45. Ke3 Bc2 46. Kf4 Rc6 47. R1g2 Bb3 48. Ke3 a3 49. Kd2 a2 50. Rg1 Bc4 51. Kc2 Rd6 52. Kb2 Bd3 53. Kxa2 Bxf5 54. R6g3 Re6 55. R1g2 g6 56. Kb3 Re4 57. Ra2 Ra8 58. b5 Bc8 59. b6 Rxh4 60. Rf3 Bf5 61. Rxa6 Rb8 62. Ra7+ Ke6 63. Re3+ Re4 64. Rxe4+ Bxe4 65. Kb4 g5 66. Rc7 f5 67. Rc6+ Kd7 68. Rh6 Bf3 69. Be5 Rb7 70. Kc5 d4 71. cxd4 f4 72. d5 Be4 73. Bc7 Rxc7+ 74. bxc7 Kxc7 75. Kd4 Bf3 76. Ke5 Bg2 77. Rh7+ Kb6 78. Rxh5 f3 79. Rxg5 f2 80. Rf5 f1Q 81. Rxf1 Bxf1 82. h4 Kc7 83. Ke6 Bh3+ 84. Ke7 Bg4 85. d6+ Kc6 86. h5 Kd5 87. h6 Bf5 88. h7 1-0

[Event "Uljanovsk Sidorov Memorial"]
[Site "Uljanovsk"]
[Date "2015.07.12"]
[Round "9"]
[White "Peruhin, Anatoliy"]
[Black "Schankin, Sergei"]
[Result "0-1"]
[WhiteElo "1665"]
[BlackElo "1823"]
[PlyCount "118"]
[EventDate "2015.07.07"]
[EventType "swiss"]
[EventRounds "9"]
[EventCountry "RUS"]
[SourceTitle "EXT 2016"]
[Source "ChessBase"]
[SourceDate "2015.10.08"]
[SourceVersion "1"]
[SourceVersionDate "2015.10.08"]
[SourceQuality "1"]

1. Nf3 Nf6 2. g3 g6 3. d4 d5 4. Bg2 Bg7 5. c4 c6 6. cxd5 cxd5 7. Nc3 0-0 8. 0-0 Nc6 9. Re1 Ne4 10. Be3 Nxc3 11. bxc3 Bf5 12. Nh4 Be6 13. f4 Na5 14. Bf2 Rc8 15. Rc1 f5 16. Nf3 Nc4 17. Ng5 Bf7 18. h3 Qd6 19. e3 Rc7 20. Re2 Rfc8 21. Be1 e6 22. g4 b5 23. Qb3 a6 24. Rb1 Be8 25. Nf3 a5 26. Ne5 a4 27. Nxc4 Rxc4 28. Qd1 Bf8 29. Bf1 Rb8 30. Rg2 Rc7 31. gxf5 exf5 32. h4 Qe7 33. Qd3 Qe4 34. Qxe4 fxe4 35. Be2 Kh8 36. Rg5 Bc6 37. f5 Bh6 38. Bg3 Bxg5 39. hxg5 Rcc8 40. Bxb8 Rxb8 41. fxg6 hxg6 42. Kg2 Kg7 43. Kg3 Bd7 44. a3 Rc8 45. Rc1 Kf7 46. Kf4 b4 47. axb4 a3 48. Bd1 Bb5 49. Bb3 Ke6 50. Bd1 Kd6 51. Kg3 Bd3 52. Bb3 Rc7 53. Ra1 Rxc3 54. Rxa3 Bc4 55. Ra7 Rxe3+ 56. Kh4 Rxb3 57. Rg7 e3 58. Rxg6+ Ke7 59. Rh6 e2 0-1

[Event "Uljanovsk Sidorov Memorial"]
[Site "Uljanovsk"]
[Date "2015.07.11"]
[Round "8"]
[White "Schankin, Sergei"]
[Black "Rakhmatulaev, Konstantin"]
[Result "1-0"]
[WhiteElo "1823"]
[BlackElo "1884"]
[PlyCount "71"]
[EventDate "2015.07.07"]
[EventType "swiss"]
[EventRounds "9"]
[EventCountry "RUS"]
[SourceTitle "EXT 2016"]
[Source "ChessBase"]
[SourceDate "2015.10.08"]
[SourceVersion "1"]
[SourceVersionDate "2015.10.08"]
[SourceQuality "1"]

1. e4 c5 2. Nf3 Nc6 3. d4 cxd4 4. Nxd4 g6 5. c4 Bg7 6. Be3 Nf6 7. Nc3 d6 8. Be2 Bd7 9. 0-0 h5 10. f3 Ne5 11. Rc1 Qa5 12. Qb3 0-0 13. Rfd1 Rfc8 14. Nd5 Nxd5 15. cxd5 Ba4 16. Qa3 Nd7 17. Nb3 Bxb2 18. Qxb2 Qb4 19. Rd4 Qb6 20. Kf2 Bxb3 21. Rxc8+ Rxc8 22. axb3 Nc5 23. Rc4 Qd8 24. Qc2 Ra8 25. Bxc5 dxc5 26. Rxc5 Qb6 27. Kf1 Kh7 28. Rc7 Qb4 29. Qc3 Qa3 30. b4 Qa2 31. Rxe7 Rc8 32. Rxf7+ Kh6 33. Qg7+ Kg5 34. Qe5+ Kh6 35. Qf4+ g5 36. Qf6# 1-0

[Event "Uljanovsk Sidorov Memorial"]
[Site "Uljanovsk"]
[Date "2015.07.08"]
[Round "3"]
[White "Frolova, Marina"]
[Black "Schankin, Sergei"]
[Result "1-0"]
[WhiteElo "1581"]
[BlackElo "1823"]
[PlyCount "51"]
[EventDate "2015.07.07"]
[EventType "swiss"]
[EventRounds "9"]
[EventCountry "RUS"]
[SourceTitle "EXT 2016"]
[Source "ChessBase"]
[SourceDate "2015.10.08"]
[SourceVersion "1"]
[SourceVersionDate "2015.10.08"]
[SourceQuality "1"]

1. c4 c5 2. Nc3 Nc6 3. g3 g6 4. Bg2 Bg7 5. e3 e6 6. Nge2 Nge7 7. d4 cxd4 8. exd4 d5 9. cxd5 exd5 10. 0-0 0-0 11. Be3 Re8 12. Qd2 Be6 13. Rac1 Nf5 14. Na4 Nxe3 15. fxe3 Ne7 16. Nc5 Bc8 17. Rc3 b6 18. Nd3 Nf5 19. Nb4 Bb7 20. Nf4 Rxe3 21. Rxe3 Bxd4 22. Nc2 Nxe3 23. Nxe3 Bc5 24. Kh1 d4 25. Nc2 Bxg2+ 26. Qxg2 1-0

[Event "Uljanovsk Sidorov Memorial"]
[Site "Uljanovsk"]
[Date "2015.07.08"]
[Round "2"]
[White "Schankin, Sergei"]
[Black "Alachihin, Vladimir"]
[Result "0-1"]
[WhiteElo "1823"]
[BlackElo "2250"]
[PlyCount "44"]
[EventDate "2015.07.07"]
[EventType "swiss"]
[EventRounds "9"]
[EventCountry "RUS"]
[SourceTitle "EXT 2016"]
[Source "ChessBase"]
[SourceDate "2015.10.08"]
[SourceVersion "1"]
[SourceVersionDate "2015.10.08"]
[SourceQuality "1"]

1. e4 Nf6 2. e5 Nd5 3. c4 Nb6 4. d4 d6 5. Nf3 Bg4 6. exd6 cxd6 7. Be2 e6 8. 0-0 Be7 9. Nc3 0-0 10. Bf4 N8d7 11. b3 Nf6 12. h3 Bh5 13. Re1 Rc8 14. a4 a6 15. Qc2 Nbd7 16. Rad1 Qb6 17. Ng5 Bg6 18. Bd3 Rfd8 19. Bxg6 hxg6 20. Nge4 Nxe4 21. Rxe4 Qa5 22. Nd5 Qxd5 0-1

[Event "Uljanovsk Povolje op"]
[Site "Uljanovsk"]
[Date "2014.08.30"]
[Round "8"]
[White "Ivanov, Nikolay A"]
[Black "Schankin, Sergei"]
[Result "1-0"]
[WhiteElo "1944"]
[BlackElo "1816"]
[PlyCount "51"]
[EventDate "2014.08.26"]
[EventType "swiss"]
[EventRounds "9"]
[EventCountry "RUS"]
[SourceTitle "CBM 162 Extra"]
[Source "ChessBase"]
[SourceDate "2014.10.17"]
[SourceVersion "1"]
[SourceVersionDate "2014.10.17"]
[SourceQuality "1"]

1. c4 c5 2. g3 g6 3. Bg2 Bg7 4. Nc3 Nc6 5. e3 e6 6. Nge2 Nge7 7. d4 cxd4 8. Nxd4 0-0 9. 0-0 d5 10. Nxc6 bxc6 11. Qa4 a5 12. Rd1 Ba6 13. Bf1 Qb6 14. Bd2 Rfd8 15. Rab1 Rab8 16. b3 Qc5 17. Be1 Nf5 18. Rbc1 d4 19. exd4 Nxd4 20. Bg2 f5 21. Kf1 Qe5 22. f4 Qc5 23. Ne2 Kf7 24. Qxa5 Qxa5 25. Bxa5 Bb7 26. Bxd8 1-0

[Event "Uljanovsk Sidorov Memorial"]
[Site "Uljanovsk"]
[Date "2014.07.19"]
[Round "8"]
[White "Krujkov, Yuri"]
[Black "Schankin, Sergei"]
[Result "1-0"]
[WhiteElo "2196"]
[BlackElo "1751"]
[PlyCount "81"]
[EventDate "2014.07.16"]
[EventType "swiss"]
[EventRounds "9"]
[EventCountry "RUS"]
[SourceTitle "CBM 161 Extra"]
[Source "ChessBase"]
[SourceDate "2014.08.29"]
[SourceVersion "1"]
[SourceVersionDate "2014.08.29"]
[SourceQuality "1"]

1. d4 Nf6 2. c4 c5 3. Nf3 e6 4. e3 d5 5. Nc3 Nc6 6. a3 a6 7. dxc5 Bxc5 8. b4 Bd6 9. Bb2 0-0 10. cxd5 exd5 11. Be2 Bg4 12. 0-0 Bc7 13. Nd4 Bxe2 14. Ncxe2 Re8 15. Nxc6 bxc6 16. Nd4 Qd6 17. g3 Bb6 18. Rc1 Rac8 19. Qf3 Bxd4 20. Bxd4 Ne4 21. Rfd1 Re6 22. Qe2 f5 23. f3 Nf6 24. Qxa6 Rce8 25. Rc3 Nd7 26. Kf2 Rh6 27. Kg1 Ne5 28. Bxe5 Qxe5 29. Qd3 f4 30. exf4 Qh5 31. Rc2 Rhe6 32. Rf1 Re3 33. Qd1 Rxa3 34. Rxc6 Ra2 35. Rc2 Ra3 36. Rc5 Ra2 37. Rc2 Ra3 38. Re2 Rea8 39. Re5 Qh3 40. Qxd5+ Kh8 41. Rfe1 1-0

[Event "Uljanovsk Student op"]
[Site "Uljanovsk"]
[Date "2014.04.06"]
[Round "9"]
[White "Pakshin, Vladimir"]
[Black "Schankin, Sergei"]
[Result "0-1"]
[WhiteElo "1815"]
[BlackElo "1687"]
[PlyCount "76"]
[EventDate "2014.03.22"]
[EventType "swiss"]
[EventRounds "9"]
[EventCountry "RUS"]
[SourceTitle "EXT 2016"]
[Source "ChessBase"]
[SourceDate "2015.10.08"]
[SourceVersion "1"]
[SourceVersionDate "2015.10.08"]
[SourceQuality "1"]

1. d4 Nf6 2. c4 c5 3. d5 e6 4. Nc3 exd5 5. cxd5 d6 6. Nf3 g6 7. Bg5 Bg7 8. e4 0-0 9. Be2 Re8 10. Nd2 Nbd7 11. 0-0 a6 12. a4 Qe7 13. Re1 h6 14. Bh4 b6 15. Bg3 Ne5 16. h3 Nh7 17. f4 Nd7 18. Bf3 Rb8 19. Kh2 b5 20. axb5 axb5 21. Ra7 Qd8 22. Qa1 Qf6 23. e5 dxe5 24. Rxd7 Bxd7 25. fxe5 Qb6 26. e6 fxe6 27. dxe6 Bxe6 28. Rxe6 Rxe6 29. Bd5 Rd8 30. Bxe6+ Qxe6 31. Nce4 Be5 32. Nf3 Bxg3+ 33. Nxg3 Nf6 34. Qc1 Qd6 35. Qxh6 Nh5 36. Qg5 Qxg3+ 37. Qxg3 Nxg3 38. Kxg3 Rd3 0-1

[Event "Uljanovsk Volga op"]
[Site "Uljanovsk"]
[Date "2014.01.07"]
[Round "9"]
[White "Privezentsev, Alexey S"]
[Black "Schankin, Sergei"]
[Result "1/2-1/2"]
[WhiteElo "1546"]
[BlackElo "1682"]
[PlyCount "46"]
[EventDate "2014.01.03"]
[EventType "swiss"]
[EventRounds "9"]
[EventCountry "RUS"]
[SourceTitle "CBM 158 Extra"]
[Source "ChessBase"]
[SourceDate "2014.02.28"]
[SourceVersion "1"]
[SourceVersionDate "2014.02.28"]
[SourceQuality "1"]

1. d4 Nf6 2. e3 e6 3. Bd3 d5 4. f4 c5 5. c3 cxd4 6. exd4 Bd6 7. Nf3 0-0 8. 0-0 Nbd7 9. Qe1 Re8 10. Ne5 Nf8 11. Rf3 Ng6 12. Rh3 Nd7 13. Qg3 Qf6 14. Bxg6 fxg6 15. Nd2 Nf8 16. Ndf3 Bd7 17. Be3 Bc6 18. Rf1 Rac8 19. Nxc6 bxc6 20. Ne5 a5 21. a4 c5 22. Rb1 Qf5 23. Rf1 Qf6 1/2-1/2

[Event "Dimitrovgrad Teenagers op"]
[Site "Dimitrovgrad"]
[Date "2013.08.20"]
[Round "7"]
[White "Mirzaev, Aziz"]
[Black "Schankin, Sergei"]
[Result "1-0"]
[WhiteElo "2252"]
[BlackElo "1669"]
[PlyCount "59"]
[EventDate "2013.08.17"]
[EventType "swiss"]
[EventRounds "7"]
[EventCountry "RUS"]
[SourceTitle "EXT 2022"]
[Source "ChessBase"]
[SourceDate "2021.10.06"]
[SourceVersion "1"]
[SourceVersionDate "2021.10.06"]
[SourceQuality "1"]

1. Nf3 g6 2. d4 Bg7 3. c4 Nf6 4. Nc3 d5 5. Qb3 dxc4 6. Qxc4 0-0 7. Bf4 c6 8. e4 Nbd7 9. Be2 Qa5 10. 0-0 h6 11. b4 Qd8 12. a4 Nh5 13. Be3 e5 14. Rad1 exd4 15. Nxd4 Qh4 16. f4 Ndf6 17. Nf3 Qg4 18. Ne5 Qe6 19. b5 Qxc4 20. Bxc4 Kh7 21. Bc5 Bg4 22. Bxf8 Bxf8 23. Rd3 Bc5+ 24. Kh1 Be6 25. Bxe6 fxe6 26. g4 Ng7 27. Nd7 Nxd7 28. Rxd7 cxb5 29. Nxb5 b6 30. Nc7 1-0

[Event "Dimitrovgrad Teenagers op"]
[Site "Dimitrovgrad"]
[Date "2013.08.19"]
[Round "5"]
[White "Schankin, Sergei"]
[Black "Nikitin, Dmitry"]
[Result "1/2-1/2"]
[WhiteElo "1669"]
[BlackElo "1830"]
[PlyCount "80"]
[EventDate "2013.08.17"]
[EventType "swiss"]
[EventRounds "7"]
[EventCountry "RUS"]
[SourceTitle "EXT 2022"]
[Source "ChessBase"]
[SourceDate "2021.10.06"]
[SourceVersion "1"]
[SourceVersionDate "2021.10.06"]
[SourceQuality "1"]

1. e4 c5 2. Nf3 Nc6 3. d4 cxd4 4. Nxd4 e5 5. Nb5 d6 6. N1c3 a6 7. Na3 b5 8. Nd5 Nf6 9. Bg5 Be7 10. Bxf6 Bxf6 11. Bd3 0-0 12. 0-0 Bg5 13. c3 Be6 14. Nc2 f5 15. f4 Bxf4 16. Nxf4 exf4 17. Rxf4 g5 18. Rf1 f4 19. Be2 Ne5 20. Nd4 Qb6 21. Kh1 Bc8 22. Qb3+ Kh8 23. Rad1 Bg4 24. Bf3 Rf6 25. Qd5 Rg8 26. b3 Bxf3 27. Nxf3 Ng4 28. Nxg5 Nf2+ 29. Rxf2 Qxf2 30. Rg1 h6 31. Nf7+ Kh7 32. Nxd6 f3 33. g3 Qa7 34. e5 f2 35. Rf1 Rff8 36. Ne4 Rg7 37. Nf6+ Kh8 38. Kg2 Qe3 39. Qd4 Qxd4 40. cxd4 Rd8 1/2-1/2